Online Catalogue and eLibrary

Is Sexual Harassment A Problem At Sri Lanka Workplaces? (Record no. 4531)

MARC details
000 -LEADER
fixed length control field 00462nam a2200169Ia 4500
005 - DATE AND TIME OF LATEST TRANSACTION
control field 20250120024454.0
008 - FIXED-LENGTH DATA ELEMENTS--GENERAL INFORMATION
fixed length control field 240331s9999 xx 000 0 und d
020 ## - INTERNATIONAL STANDARD BOOK NUMBER
ISBN 9556070435
082 ## - DDC Classification
Item Number - Author Mark ADI
DDC Edition Number 5620
Class No. 305.4
100 ## - MAIN ENTRY--PERSONAL NAME
Personal name Adikaram, A. S
245 #0 - TITLE STATEMENT
Title Is Sexual Harassment A Problem At Sri Lanka Workplaces?
260 ## - PUBLICATION, DISTRIBUTION, ETC.
Place of publication, distribution, etc. Colombo
Name of publisher, distributor, etc. Friedrich-Ebert-Stiftung
Date of publication, distribution, etc. 2005
300 ## - PHYSICAL DESCRIPTION
Extent (e.g. Volumes, Pages etc.) xvii, 194 p.,
650 ## - SUBJECT ADDED ENTRY--TOPICAL TERM
Topical term or geographic name entry element Sexual Harassment
650 ## - SUBJECT ADDED ENTRY--TOPICAL TERM
Topical term or geographic name entry element Workplace
942 ## - Koha item type (Biblio)
Koha item type Books in Stacks (Lending)
Holdings
Lost status Damaged status Collection code Home library Current library Shelving location Date acquired Full call number Accession Number Item type
    Lending WERC Library WERC Library Social Science Cupboard 03/31/2024 305.4 ADI 5620 Books in Stacks (Lending)

© WERC Library